The Beginner's photography guide / (Record no. 1025)

MARC details
000 -LEADER
fixed length control field 01545cam a22003497a 4500
005 - DATE AND TIME OF LATEST TRANSACTION
control field 20260322212043.0
008 - FIXED-LENGTH DATA ELEMENTS--GENERAL INFORMATION
fixed length control field data
010 ## - LIBRARY OF CONGRESS CONTROL NUMBER
LC control number 2012278016
016 7# - NATIONAL BIBLIOGRAPHIC AGENCY CONTROL NUMBER
Record control number 016225389
Source Uk
020 ## - INTERNATIONAL STANDARD BOOK NUMBER
International Standard Book Number 9781465408457
020 ## - INTERNATIONAL STANDARD BOOK NUMBER
International Standard Book Number 1465408452
040 ## - CATALOGING SOURCE
Original cataloging agency BTCTA
Language of cataloging eng
Transcribing agency BTCTA
Modifying agency DLC
-- BDX
-- RNC
-- OCLCQ
-- YDXCP
-- JID
-- JBO
-- LF3
-- UPZ
-- DLC
042 ## - AUTHENTICATION CODE
Authentication code lccopycat
050 00 - LIBRARY OF CONGRESS CALL NUMBER
Classification number TR146
Item number .G238 2013
092 ## - LOCALLY ASSIGNED DEWEY CALL NUMBER (OCLC)
Classification number 770 Gat 2013
001 - CONTROL NUMBER
control field data
100 1# - MAIN ENTRY--PERSONAL NAME
Personal name Gatcum, Chris.
245 14 - TITLE STATEMENT
Title The Beginner's photography guide /
Statement of responsibility, etc. Chris Gatcum.
246 14 - VARYING FORM OF TITLE
Title proper/short title Beginner's photography guide : the ultimate step-by-step manual for getting the most from your digital camera
246 3# - VARYING FORM OF TITLE
Title proper/short title Getting the most from your digital camera
250 ## - EDITION STATEMENT
Edition statement First American edition.
260 ## - PUBLICATION, DISTRIBUTION, ETC.
Place of publication, distribution, etc. New York :
Name of publisher, distributor, etc. DK Pub.,
Date of publication, distribution, etc. c2013.
300 ## - PHYSICAL DESCRIPTION
Extent 192 p. :
Other physical details col. ill. ;
Dimensions 24 cm.
500 ## - GENERAL NOTE
General note Includes index.
505 0# - FORMATTED CONTENTS NOTE
Formatted contents note Equipment -- Exposure -- Focusing -- Lenses -- Available light-- Flash -- Image enhancement.
520 ## - SUMMARY, ETC.
Summary, etc. Presents step-by-step digital SLR camera basics, while introducing and demonstrating a wide variety of techniques.
650 #0 - SUBJECT ADDED ENTRY--TOPICAL TERM
Topical term or geographic name entry element Photography.
856 42 - ELECTRONIC LOCATION AND ACCESS
Materials specified Publisher description
Uniform Resource Identifier <a href="http://www.loc.gov/catdir/enhancements/fy1312/2012278016-d.html">http://www.loc.gov/catdir/enhancements/fy1312/2012278016-d.html</a>
906 ## - LOCAL DATA ELEMENT F, LDF (RLIN)
a 7
b cbc
c copycat
d 2
e ncip
f 20
g y-gencatlg
925 0# -
-- acquire
-- 2 shelf copies
-- policy default
955 ## - COPY-LEVEL INFORMATION (RLIN)
-- xn03 2013-09-05 copy 2 added
Holdings
Withdrawn status Lost status Damaged status Not for loan Home library Current library Shelving location Date acquired Total checkouts Full call number Barcode Date last seen Price effective from Koha item type
        Centerville Centerville General stacks 22/03/2026   TR146 .G238 2013 BC0011059 22/03/2026 22/03/2026 Books